छात्रोउपयोगी हिंदी निबन्ध/ (Record no. 199576)
[ view plain ]
| 000 -LEADER | |
|---|---|
| fixed length control field | 00918nam a22002057a 4500 |
| 005 - DATE AND TIME OF LATEST TRANSACTION | |
| control field | 20231208145516.0 |
| 010 ## - LCCN (DPL NO) | |
| LC control number | HIN-126513 |
| 020 ## - INTERNATIONAL STANDARD BOOK NUMBER | |
| International Standard Book Number | 9789384579654 |
| Terms of availability | 400.00 |
| 035 ## - SYSTEM CONTROL NUMBER | |
| System control number | HN-98859 |
| 037 ## - SOURCE OF ACQUISITION | |
| Source of stock number/acquisition | DBAD/PUB |
| 082 ## - DEWEY DECIMAL CLASSIFICATION NUMBER | |
| Classification number | 824 |
| 100 ## - MAIN ENTRY--PERSONAL NAME | |
| Personal name | वर्मा, मदन लाल |
| 245 ## - TITLE STATEMENT | |
| Title | छात्रोउपयोगी हिंदी निबन्ध/ |
| Statement of responsibility, etc | मदन लाल वर्मा और जयभगवान शर्मा |
| 260 ## - PUBLICATION, DISTRIBUTION, ETC. (IMPRINT) | |
| Place of publication, distribution, etc | दिल्ली |
| Name of publisher, distributor, etc | अनिल प्रकाशन |
| Date of publication, distribution, etc | 2019 |
| 270 ## - ADDRESS | |
| Address | 2619-20, न्यू मार्किट,नई सडक |
| City | दिल्ली |
| Postal code | 110006 |
| 300 ## - PHYSICAL DESCRIPTION | |
| Extent | 254पृष्ट.; |
| Dimensions | 22सेमी (सजिल्द) |
| 700 ## - ADDED ENTRY--PERSONAL NAME | |
| Personal name | मदन लाल वर्मा |
| 9 (RLIN) | 59680 |
| 700 ## - ADDED ENTRY--PERSONAL NAME | |
| Personal name | जयभगवान शर्मा |
| 9 (RLIN) | 59681 |
| 942 ## - ADDED ENTRY ELEMENTS (KOHA) | |
| Source of classification or shelving scheme | Dewey Decimal Classification |
| Item type | Hindi Books |
| Classification part | 824 |
| Call number suffix | वर्माम |
| Withdrawn status | Lost status | Not for loan | Collection code | Home library | Current library | Date acquired | Source of acquisition | Cost, normal purchase price | Full call number | Barcode | Copy number | Cost, replacement price | Koha item type |
|---|---|---|---|---|---|---|---|---|---|---|---|---|---|
| Non-fiction | Vinoba Puri | Vinoba Puri | 08/12/2023 | DBAD/PUB | 400.00 | 824 वर्माम | HN-98859 | 1 | 400.00 | Hindi Books |
